Introduction to information optics (Record no. 14670)

MARC details
000 -LEADER
fixed length control field 00696nam a2200241Ia 4500
003 - CONTROL NUMBER IDENTIFIER
control field IN-BaIIA
008 - FIXED-LENGTH DATA ELEMENTS--GENERAL INFORMATION
fixed length control field 211028s9999 xx 000 0 eng d
020 ## - INTERNATIONAL STANDARD BOOK NUMBER
International Standard Book Number 0-12-774811-3
040 ## - CATALOGING SOURCE
Transcribing agency IIA Library
080 ## - UNIVERSAL DECIMAL CLASSIFICATION NUMBER
Universal Decimal Classification number 535
Item number YU
100 ## - MAIN ENTRY--PERSONAL NAME
Personal name Yu, F. T. S
9 (RLIN) 26182
245 #0 - TITLE STATEMENT
Title Introduction to information optics
Statement of responsibility, etc. F.T.S. Yu, S. Jutamulia and S. Yin
260 ## - PUBLICATION, DISTRIBUTION, ETC.
Place of publication, distribution, etc. New York
Name of publisher, distributor, etc. Academic Press
Date of publication, distribution, etc. 2001
300 ## - PHYSICAL DESCRIPTION
Extent xiv, 734p.
650 ## - SUBJECT ADDED ENTRY--TOPICAL TERM
Topical term or geographic name entry element Entropy Information
9 (RLIN) 26183
650 ## - SUBJECT ADDED ENTRY--TOPICAL TERM
Topical term or geographic name entry element Optical Storage
9 (RLIN) 18212
650 ## - SUBJECT ADDED ENTRY--TOPICAL TERM
Topical term or geographic name entry element Optical Switching
9 (RLIN) 26184
650 ## - SUBJECT ADDED ENTRY--TOPICAL TERM
Topical term or geographic name entry element OpticalNetworking
9 (RLIN) 26185
650 ## - SUBJECT ADDED ENTRY--TOPICAL TERM
Topical term or geographic name entry element Signal Processing
9 (RLIN) 3537
700 ## - ADDED ENTRY--PERSONAL NAME
Personal name Jutamulia, S
9 (RLIN) 26186
700 ## - ADDED ENTRY--PERSONAL NAME
Personal name Yin, S
9 (RLIN) 26187
942 ## - ADDED ENTRY ELEMENTS (KOHA)
Koha item type Books
Holdings
Withdrawn status Lost status Damaged status Not for loan Home library Current library Shelving location Date acquired Source of acquisition Cost, normal purchase price Total Checkouts Full call number Barcode Date last seen Cost, replacement price Price effective from Koha item type Purchase Price
        IIA Library-Bangalore IIA Library-Bangalore General Stacks 12/06/2002 SB 5167.42   535/ YU 15592 05/11/2021 5167.42 12/06/2002 Books Rs. 5167.42

Powered by Koha